Name the MLB teams city - Statistics

General Stats
  • This quiz has been taken 324 times
  • The average score is 20 of 30
Answer Stats
Team City % Correct
Mets New York
96%
Yankees New York
96%
Dodgers Los Angeles
88%
Angels Los Angeles
88%
Braves Atlanta
87%
Phillies Philadelphia
87%
Cubs Chicago
85%
White Sox Chicago
85%
Marlins Miami
84%
Nationals Washington D.C.
81%
Cardinals St. Louis
75%
Red Sox Boston
74%
Padres San Diego
73%
Astros Houston
72%
Giants San Francisco
71%
Reds Cincinnati
70%
Brewers Milwaukee
69%
Pirates Pittsburgh
69%
Blue Jays Toronto
68%
Orioles Baltimore
65%
Royals Kansas City
65%
Mariners Seattle
65%
Rays Tampa Bay
64%
Tigers Detroit
63%
Guardians Cleveland
61%
Athletics Oakland
61%
Twins Minnesota
49%
Diamondbacks Arizona (Phoenix)
1%
Rockies Colorado (Denver)
1%
Rangers Texas (Arlington)
0%
No matching quizzes found
Score Distribution
Percent of People with Each Score
Percentile by Number Answered
Your Score History
You have not taken this quiz